Química del agua
| Main Authors: | , |
|---|---|
| Format: | Section = Libro |
| Language: | Undetermined Spanish |
| Published: |
México
Limusa
1990
|
| Subjects: |
| LEADER | 00665nam a2200253Ia 4500 | ||
|---|---|---|---|
| 008 | 240830s9999 xx 000 0 und d | ||
| 020 | |a 968-18-1608-0 | ||
| 040 | |a CEDOC FIQ-RUSB / 540 S673 | ||
| 041 | |a spa | ||
| 082 | |a 540 S673 | ||
| 100 | 1 | |a Sndeyink, Vernon L. | |
| 100 | 1 | |b Jenkins, David | |
| 245 | 1 | 0 | |a Química del agua |
| 260 | |a México |b Limusa |c 1990 | ||
| 300 | |a 508 p. :il | ||
| 650 | 7 | |a QUIMICA - AGUA | |
| 650 | 7 | |b CINETICA QUIMICA | |
| 650 | 7 | |c EQUILIBRIO QUIMICO | |
| 650 | 7 | |d QUIMICA DE ACIDOS | |
| 650 | 7 | |e PRECIPITACION Y DISOLUCION | |
| 650 | 7 | |f REACCIONES DE OXIDACION - REDUCCION | |
| 942 | |c BK |2 ddc | ||
| 991 | |a TEXTO | ||
| 999 | |c 13667 | ||